Quizzes
Events
Quiz Creation
Community
Videos
Private Events
Remove Ads
Sign In
Join for FREE
Feedback
Dark Mode
Quiz Categories
Sports
Geography
Music
Movies
Television
Just For Fun
Miscellaneous
History
Literature
Language
Science
Gaming
Entertainment
Religion
Holiday
For Kids
Quiz Lab
Recent
Popular Today
Quiz Kudos Today
Editor Picks
Curator Picks
Quizzes by...
Day
Popularity
Type
Ratings
Length
Year
Community
Subscriptions
Recent Discussions
Orange Saloon
Badges
Playlists
Quests
Create
Leaderboards
Showdown
Live 5
Trivia Bingo
Activity
Puzzle Library
Sporcle Events
Private Events
Virtual Trivia
Globe League
Become a Host
Pub Owners
SporcleCon
Opinionation
Our Games
Videos
Blog
Mobile Apps
Partnerships
Remove Ads and Go Orange
Feedback
Movies
Disney
Marvel Cinematic Universe
Movie Resume
Movie Titles
Oscar
Actor
Actress
Director
Pixar
Role
Movie Quotes
Movie Characters
Box Office
Nominee
Best Picture
Star Wars
James Bond
Horror Movies
Movies
Disney
Marvel Cinematic Universe
Movie Resume
Movie Titles
Oscar
Actor
Actress
Director
Pixar
Role
Movie Quotes
Movie Characters
Box Office
Nominee
Best Picture
Star Wars
James Bond
Horror Movies
Random Quiz
Search Sporcle
×
Curator Pick
Curator Pick
Movies
Movie Characters
Type in answers that appear in a list
Type in answers that appear in a list
Classic
Best Score? Go Orange.
Pixar Character Splash Stats
Can you name any one Pixar character that fits into each hint category?
By
mariapiscitelli5
4m
12 Questions
473 Plays
473 Plays
473 Plays
Comments
Comments
Give Quiz Kudos
Give Quiz Kudos
-
- Ratings
hide this ad
Forced Order
Answers have to be entered in order
Answers have to be entered in order
Replay
Link that replays current quiz
Next Quiz
Link to next quiz in quiz playlist
You Got
0%
They Got
Avg Score
69%
Avg Friend Score
Upgrade to see
Score Distribution
Jump to the score distribution portion of the page
Score
0/12
Timer
04:00
0
Plays Today
Hint
Characters
% Correct
One-
eyed Characters
Mike Wazowski
87.9%
Villains
Syndrome
86%
Dogs
Dante
76.9%
Fathers
Marlin
76.1%
Siblings
Violet
74.8%
Blondes
Bo Peep
73.3%
Married characters
Mr. Potato Head
71.8%
Hat-
wearers
Woody
70.1%
Characters starting with H
Hamm
63.8%
Three lettered names
Joy
63.8%
Royals
Princess Atta
60%
^Male character who fits into 4 of the above categories^
Mr. Incredible (Bob Parr)
26.7%
Quiz Playlist
Details
Report
Send in Message
Add To Playlist
Classic:
Type in answers that appear in a list
Forced Order:
Answers have to be entered in order
Last Updated: Oct 2, 2018
Curator Pick in
Pixar
Quiz Scoreboard
CHALLENGE
Sign Up to Join the Scoreboard
Show All
Scores
Hide
Comments
May contain spoilers
Recently Published
An Introduction to Baseball
by treessimontrees
Sports
5m
Movies - When Are They Set?
by FPL_Elf
Movies
5m
Popular People in 1961
by mucciniale
History
6m
More to Explore
Quiz From the Vault
Featured Blog Post
Where Did the Easter Bunny Come From?
hide this ad
You Might Also Like...
Tags
Disney Quiz
Movie Characters Quiz
Pixar Quiz
Animated Movie
Character
description
Disney Characters
Today's Top Quizzes in Movies
Browse Movies
hide this ad
Today's Top Quizzes in Movie Characters
Browse Movie Characters
Top Contributed Quizzes in Movies
1
Pick 5 Posters: Directed by Spielberg
2
Pick 5 Posters: Lowest-Rated Spielberg
3
Multi-Oscar Nominations, One Movie, One Winner
4
7-to-1: Pixar Characters
5
12 Movies about Fictional 1960s Events
6
One Thing in Common: Movies
7
Pick 5 Posters: Directed by Scorsese
8
Sunday Crossword: Film Score Composers
9
Pick 5 Posters: Star & Director
10
Sorting Actors
Explore More
Trending Topics
Crossword
Disney
Harry Potter
Kpop
NBA
Marvel
Anime
Puzzle
The Office
WWE
Pokémon
NFL
Soccer
Song
Country
hide this ad
More By:
mariapiscitelli5
Quiz
Plays
Rating
Category
Featured
Created
Clickable Disney Pairs
63,566
4.70
Movies
Mar 23, 2016
One-Word Disney Movies Named After Characters
52,126
4.70
Movies
Sep 23, 2015
Disney Couple's First Meeting
46,977
4.66
Movies
Jul 21, 2017
One Hint Disney
43,189
4.52
Movies
Jul 25, 2017
Disney Character Ambitions
30,705
4.64
Movies
Jun 17, 2019
Go to Creator's Profile
Score Distribution
Quiz Creator Spotlight
mariapiscitelli5
Follow
Send a Message
Quizzes Created
-
Created Quiz Play Count
-
More By This Creator
Popular Quizzes Today
1
Find the Countries of Europe - No Outlines Minefield
2
Find the US States - No Outlines Minefield
3
The Countries of the World
4
Popular People in 1961
5
US States
6
Find the US States
7
1-10 Letter E Words III
8
Risky Map Clicking: Biggest States A-Z
More Movies Quizzes
James Bond Movie Words In Order
Curator's Pick
Trending Quizzes
Risky Map Clicking: Least Populous States A-Z
1-10 Letter F Words
1-10 Letter G Words
Not Quite an Element Typing Challenge
One Thing in Common: United Kingdom
Recently Updated
Leaping Animals
pecheneg
Reality TV Shows (A-Z)
bhenderson79
Rickey Henderson's Hall of Fame Teammates
pecheneg
Champions League XIs: Arsenal
pecheneg
Quick Pick: Celebrities in WWE's Hall of Fame
aduchscher
A-Z Keypad Blitz II
pecheneg
Multiple Oscar Actors
pecheneg
Mystery Phrase Blitz: Oscar 'Best Actors'
pecheneg
F. Scott Fitzgerald Novels
LTH
Pick 3 Villains
ddd62291
Trending Topics
Marvel
Anime
Kpop
Crossword
Harry Potter
Disney
NBA
The Office
WWE
NFL
Pokémon
Puzzle
Song
Country
Soccer
Your Account Isn't Verified!
In order to create a playlist on Sporcle, you need to verify the email address you used during registration. Go to your
Sporcle Settings
to finish the process.
Report this User
Report this user for behavior that violates our
Community Guidelines
.
Details:
Send Report
Go to the Sporcle.com Mobile Site →
Comments